Principles of Econometrics (Record no. 1843557)
[ view plain ]
| 000 -LEADER | |
|---|---|
| fixed length control field | 00298 a2200133 4500 |
| 000 - LEADER | |
| fixed length control field | nam a22 7a 4500 |
| 005 - DATE AND TIME OF LATEST TRANSACTION | |
| control field | 20260327094451.0 |
| 020 ## - INTERNATIONAL STANDARD BOOK NUMBER | |
| International Standard Book Number | 9789363865778 |
| 100 ## - MAIN ENTRY--PERSONAL NAME | |
| Personal name | R. Carter Hill |
| 245 ## - TITLE STATEMENT | |
| Title | Principles of Econometrics |
| 250 ## - EDITION STATEMENT | |
| Edition statement | 5th |
| 260 ## - PUBLICATION, DISTRIBUTION, ETC. | |
| Name of publisher, distributor, etc. | Wiley |
| Date of publication, distribution, etc. | 2025 |
| 942 ## - ADDED ENTRY ELEMENTS (KOHA) | |
| Koha item type | Textual |
| Withdrawn status | Lost status | Source of classification or shelving scheme | Damaged status | Not for loan | Home library | Current library | Date acquired | Source of acquisition | Cost, normal purchase price | Inventory number | Total Checkouts | Barcode | Date last seen | Cost, replacement price | Price effective from | Koha item type |
|---|---|---|---|---|---|---|---|---|---|---|---|---|---|---|---|---|
| Colon Classification (CC) | Ordered | South Campus Library | South Campus Library | 2026-03-27 | 4 | 863.20 | 158 & 30/12/2025 | SC1809498 | 2026-03-27 | 1079.00 | 2026-03-27 | Textual | ||||
| Colon Classification (CC) | Ordered | South Campus Library | South Campus Library | 2026-03-27 | 4 | 863.20 | 158 & 30/12/2025 | SC1809500 | 2026-03-27 | 1079.00 | 2026-03-27 | Textual | ||||
| Colon Classification (CC) | Ordered | South Campus Library | South Campus Library | 2026-03-27 | 4 | 863.20 | 158 & 30/12/2025 | SC1809497 | 2026-03-27 | 1079.00 | 2026-03-27 | Textual | ||||
| Colon Classification (CC) | Ordered | South Campus Library | South Campus Library | 2026-03-27 | 4 | 863.20 | 158 & 30/12/2025 | SC1809501 | 2026-03-27 | 1079.00 | 2026-03-27 | Textual | ||||
| Colon Classification (CC) | Ordered | South Campus Library | South Campus Library | 2026-03-27 | 4 | 863.20 | 158 & 30/12/2025 | SC1809499 | 2026-03-27 | 1079.00 | 2026-03-27 | Textual |
